At The Cemetery - Elio Mei ft. Cloudkissed - Full Lyrics - Statistics

General Stats
  • This quiz has been taken 2 times
  • The average score is 322 of 417
Answer Stats
Answer % Correct
a
100%
and
100%
are
100%
at
100%
be
100%
be!
100%
beat
100%
beetles
100%
But
100%
caught
100%
cemetery
100%
chest
100%
die
100%
discussed
100%
fears
100%
friend
100%
frogs
100%
frogs"
100%
ghost?
100%
ghosts,
100%
ghosts
100%
had
100%
Have
100%
have
100%
hear
100%
heart
100%
I
100%
If
100%
if
100%
is
100%
it
100%
it'd
100%
Just
100%
just
100%
me
100%
me?"
100%
Met
100%
mine
100%
my
100%
No
100%
now
100%
on
100%
one
100%
our
100%
out
100%
people
100%
promise
100%
Promise
100%
right
100%
Right
100%
scream
100%
so
100%
Some
100%
something
100%
tell
100%
that
100%
that?
100%
the
100%
thing
100%
think
100%
to
100%
told
100%
We
100%
we
100%
won't
100%
Would
100%
would
100%
you
100%
You
100%
your
100%
Yours
100%
about
50%
afraid
50%
ago?
50%
"Ah
50%
all
50%
better
50%
bugs
50%
can
50%
Catching
50%
change)
50%
chasing
50%
clothing
50%
Crossing
50%
deepest
50%
did
50%
didn't?
50%
died
50%
difference?"
50%
don't
50%
Don't
50%
ever
50%
existence?
50%
existence
50%
feelings
50%
feelings!"
50%
fleeting
50%
friends
50%
gravestone
50%
grow
50%
hard
50%
"Hi"
50%
home
50%
I'd
50%
I'm
50%
in
50%
knew
50%
Knew
50%
know
50%
know?
50%
lie?
50%
looked
50%
Losing
50%
matter
50%
meet
50%
mind
50%
moths
50%
never
50%
Never
50%
(Nice
50%
of
50%
old
50%
said
50%
Saw
50%
say
50%
Seasons
50%
see
50%
sheep
50%
shocked
50%
should
50%
single
50%
sitting
50%
Sorry!"
50%
Taking
50%
talks!"
50%
there's
50%
"They
50%
things
50%
though
50%
through
50%
time
50%
Time
50%
toads
50%
truth
50%
"Wait,
50%
wanna
50%
want
50%
way
50%
were
50%
what
50%
"What's
50%
with
50%
wolf's
50%
"Yeah
50%
years
50%
You're
50%
alive
0%
around
0%
can't
0%
day
0%
dead
0%
each
0%
forget
0%
going
0%
I'll
0%
mad
0%
or
0%
other,
0%
regret
0%
stayed
0%
stick
0%
'Til
0%
together?
0%
No matching quizzes found
Score Distribution
Percent of People with Each Score
Percentile by Number Answered
Your Score History
You have not taken this quiz